000 01050nam a2200229Ia 4500
003 Ost
005 20260507075704.0
008 260507s9999||||xx |||||||||||||| ||und||
020 _a978994787896
040 _cfsecg
041 _aara
082 _a658.57
100 _eمؤلف
245 0 _aتسيير الإنتاج والعمليات: مدخل نظري وتطبيقي /
260 _aالجزائر :
_bجسور,
_c2013
300 _a216 صفحة؛
_bإيضاحات ؛
_c24 سم
504 _aمراجع ص.203
520 _aيحتوي الكتاب على ستة محاور، الإطار العام لوظيفة الانتاج والعمليات، اتخاذ القرار في الانتاج، كذلك تسيير المخزونات، مع نظام تخطيط الاحتياجات من المواد- MRP- وترتيب العمليات والمشاريع، كما أنه احتوى على بعض التمارين التطبيقية.
653 _aادارة الانتاج
653 _aبحوث العمليات
942 _cكتاب
999 _c45863
_d45863